Guía para la familia con problemas de alcoholismo, drogas.

Сохранить в:
Библиографические подробности
Главный автор: Alvarez del Real, María Eloísa
Формат:
Язык:испанский
Опубликовано: Miami, USA América 1992
Предметы:
Метки: Добавить метку
Нет меток, Требуется 1-ая метка записи!

MARC

LEADER 00000nam a2200000 a 4500
001 UCX8617
003 CL-VaPUC
005 20250226084350.0
008 940415e19920000US |||||||||||||||||spa|d
999 |c 228063  |d 228061 
040 |c Pontificia Universidad Católica de Valparaíso 
082 0 4 |a 362.292 ALV 1992  |2 21 
100 0 |a Alvarez del Real, María Eloísa  |9 325783 
245 1 0 |a Guía para la familia con problemas de alcoholismo, drogas. 
260 0 3 |a Miami, USA  |b América  |c 1992 
300 |a 256 páginas 
583 |a last modification  |c 19940415 00:00:00  |k Rodrigo Vera 
650 0 |a Alcoholismo  |9 259651 
650 0 |a Abuso de drogas  |9 254876 
650 0 |a Educación para la vida familiar  |9 307821 
942 |c BK  |2 ddc 
945 |d 19940415 00:00:00  |a rbrito 
952 |0 0  |1 0  |2 ddc  |4 0  |6 362_292000000000000_ALV_1992  |7 0  |8 P  |9 227661  |a BIBEDU  |b BIBEDU  |c BIBEDU_PB  |d 2019-11-15  |i 2951010  |o 362.292 ALV 1992  |p 2951010  |r 2024-01-25  |t 1  |w 2019-11-15  |y BK  |k EDU